000
00293nam a22001337a 4500
008
170414b xxu||||| |||| 00| 0 eng d
020
_a
9780915473892
041
_a
eng
080
_2
5 ED
_a
618
100
_a
10
101
_a
SHM
245
_a
PERITANAL CARE
_c
GLISTRAP.L.C
942
_2
udc
_c
BK
999
_c
10868
_d
10868